Metrologia dimensional: (Registro nro. 29257)

Detalles MARC
000 -LÍDER
fixed length control field 00646nam a22002297a 4500
003 - IDENTIFICADOR DEL NÚMERO DE CONTROL
control field ITZ
005 - FECHA Y HORA DE LA ULTIMA TRANSACCIÓN
Campo de control 20240202104754.0
008 - ELEMENTOS DE LONGITUD FIJA -- INFORMACIÓN GENERAL
fixed length control field 240202b |||||||| |||| 00| 0 spa d
020 ## - NÚMERO INTERNACIONAL NORMALIZADO PARA LIBROS
ISBN 978-607-8543-00-7
035 ## - Número de ficha (Janium)
Número de ficha (Janium) 17642
041 ## - CÓDIGO DE IDIOMA
Código de idioma para texto/pista de sonido o título separado SPA
050 ## - SIGNATURA TOPOGRAFICA DE LA BIBLIOTECA DEL CONGRESO (LC)
Número de Clasificación T50
Cutter M49 2017
082 ## - NUMERO DE CLASIFICACION DECIMAL DEWEY
Número de Clasificación 621.994
Cutter M617m 2017
100 1# - ASIENTO PRINCIPAL--NOMBRE PERSONAL
Nombre personal Meza Sánchez, Sergio
245 ## - TÍTULO
Título Metrologia dimensional:
Parte restante del título Aplicada en elementos mecánicos
Mención de responsabilidad, etc. Sergio Meza Sánchez
250 ## - MENCIÓN DE EDICIÓN
Mención de edición 1
260 ## - PUBLICACIÓN, DISTRIBUCIÓN, ETC. (PIE DE IMPRENTA)
Lugar de publicación, distribución, etc. México:
Nombre del editor, distribuidor, etc. Exodo,
Fecha de publicación, distribución, etc. 2017
300 ## - DESCRIPCIÓN FÍSICA
Extensión 159 p.
Otros detalles físicos il. /
Dimensiones 28 cm.
650 ## - ASIENTO SECUNDARIO DE MATERIA - TERMINO TEMÁTICO
Término temático o nombre geográfico como elemento de entrada 1. INSTRUMENTOS DE MEDICION \ 2. METROLOGIA
700 ## - ASIENTO SECUNDARIO - NOMBRE PERSONAL
Nombre personal Jóse Javier Zarate
942 ## - TIPO DE MATERIAL (KOHA)
Koha item type Libros
Existencias
No. biblioteca No. biblioteca Número de clasificación Código de barras/Número de adquisición Número de copia Tipo de material Otras carreras
ÁREA DE ELECTROMECÁNICA LUIS G. INCLAN 621.994 M617m 2017 54566 1 Libros LUIS G. INCLAN
ÁREA DE ELECTROMECÁNICA LUIS G. INCLAN 621.994 M617m 2017 54567 2 Libros LUIS G. INCLAN
ÁREA DE ELECTROMECÁNICA LUIS G. INCLAN 621.994 M617m 2017 54592 3 Libros LUIS G. INCLAN
Calzada Tecnológico # 27, Zacatepec, Morelos.
01(734) 343-07-23 / 343-21-10 / 343-21-11
Apdo. Postal 45 C.P 62780